000 00495nam a2200157Ia 4500
008 151213s9999 xx 000 0 und d
100 _aবড. মো: নূরল হক।
245 _aভূমি আইন ও আলোচনা।
_cবড. মো: নূরল হক।
250 _a২য় সং
260 _aঢাকা
_b‘ল’ বুক
_c1998
300 _a2869 p.
650 _aLaw
650 _aLaw
700 _aবড. মো: নূরল হক।
999 _c1971
_d1971